000 00754nam a2200241 i 4500
003 DO-SdBNP
005 20240307135357.0
007 ta
008 240307s1995 dr a 000 j spa d
040 _aDO-SdBNP
_bspa
_cBNPHU
_erda
082 _bI61
_222
110 _aMuseo de las Casas Reales (República Dominicana)
_964911
245 1 0 _aIntencionalidad caribeña /
264 1 _aSanto Domingo :
_bVoluntariado de las Casas Reales,
_bCasa de Bastidas
_c1995.
300 _a3 páginas consecutivas,
_c28 cm.
336 _2rdacontent
_atexto
_btxt
337 _2rdamedia
_asin mediación
_bn
338 _2rdacarrier
_avolumen
_bnc
590 _aInventariado, 2024/ YL
710 _aCasa de Bastidas
_984992
910 _aYLockward
942 _2ddc
_cLF2
999 _c56059
_d56059